[Event "IECG WC.2000.F.00003 email"]
[Site "IECG email"]
[Date "2000.11.01"]
[Round "?"]
[White "Brijs, Dirk"]
[Black "Cherner, Lyle"]
[Result "0-1"]
[WhiteElo "1275"]
[BlackElo "1089"]
[PlyCount "24"]
[EventDate "2000.11.01"]
[EventType "tourn (corr)"]
[EventRounds "14"]
[SourceTitle "Corr 2008"]
[Source "ChessBase"]
[SourceDate "2008.06.24"]
[SourceVersion "1"]
[SourceVersionDate "2008.06.24"]
[SourceQuality "1"]

1. d4 e5 2. dxe5 Nc6 3. Nf3 Qe7 4. Qd5 Qc5 5. Qxc5 Bxc5 6. c3 Nge7 7. Bf4 0-0 8. e3 Ng6 9. Bd3 Nxf4 10. exf4 f6 11. 0-0 fxe5 12. fxe5 Re8 0-1

[Event "IECG WC.2000.F.00003 email"]
[Site "IECG email"]
[Date "2000.11.01"]
[Round "?"]
[White "Brijs, Dirk"]
[Black "Knudsen, Niels M"]
[Result "0-1"]
[WhiteElo "1275"]
[BlackElo "1279"]
[PlyCount "36"]
[EventDate "2000.11.01"]
[EventType "tourn (corr)"]
[EventRounds "14"]
[SourceTitle "Corr 2008"]
[Source "ChessBase"]
[SourceDate "2008.06.24"]
[SourceVersion "1"]
[SourceVersionDate "2008.06.24"]
[SourceQuality "1"]

1. d4 b5 2. e4 Bb7 3. Bd3 Nf6 4. d5 a6 5. Bg5 e6 6. dxe6 dxe6 7. f3 Bc5 8. e5 Qd4 9. Bh4 Qxh4+ 10. g3 Qd4 11. Bxb5+ axb5 12. Qxd4 Bxd4 13. c3 Bxe5 14. Nd2 0-0 15. Kf2 Rd8 16. Nb3 b4 17. Ne2 Rd3 18. Nbd4 c5 0-1

[Event "IECG WC.2000.F.00003 email"]
[Site "IECG email"]
[Date "2000.11.01"]
[Round "?"]
[White "Brijs, Dirk"]
[Black "Neumann, Ulrich"]
[Result "0-1"]
[WhiteElo "1275"]
[BlackElo "1443"]
[PlyCount "48"]
[EventDate "2000.11.01"]
[EventType "tourn (corr)"]
[EventRounds "14"]
[SourceTitle "Corr 2008"]
[Source "ChessBase"]
[SourceDate "2008.06.24"]
[SourceVersion "1"]
[SourceVersionDate "2008.06.24"]
[SourceQuality "1"]

1. d4 Nf6 2. c4 e5 3. dxe5 Ng4 4. Bf4 Nc6 5. Nf3 Bb4+ 6. Nc3 Bxc3+ 7. bxc3 Qe7 8. Qd5 f6 9. exf6 Nxf6 10. Qd3 d6 11. h3 0-0 12. e3 Ne4 13. Nd4 Rxf4 14. exf4 Ng3+ 15. Kd2 Nxh1 16. Qf3 Nxd4 17. cxd4 d5 18. c5 Qf6 19. Kc3 Bf5 20. Qxd5+ Kh8 21. Qxb7 Rd8 22. Qb4 Nxf2 23. g4 a5 24. Qa4 Ne4+ 0-1

[Event "IECG WC.2000.F.00003 email"]
[Site "IECG email"]
[Date "2000.11.01"]
[Round "?"]
[White "Brijs, Dirk"]
[Black "Roldan Ortiz, Antonio Jose"]
[Result "0-1"]
[WhiteElo "1275"]
[BlackElo "1452"]
[PlyCount "40"]
[EventDate "2000.11.01"]
[EventType "tourn (corr)"]
[EventRounds "14"]
[SourceTitle "Corr 2008"]
[Source "ChessBase"]
[SourceDate "2008.06.24"]
[SourceVersion "1"]
[SourceVersionDate "2008.06.24"]
[SourceQuality "1"]

1. d4 Nf6 2. c4 e5 3. dxe5 Ng4 4. Bf4 Nc6 5. Nf3 Bb4+ 6. Nc3 Qe7 7. Qd5 Bxc3+ 8. bxc3 f6 9. Qd2 fxe5 10. Bg3 0-0 11. Qg5 Qa3 12. Qd2 d6 13. e4 Nf6 14. Bd3 Bg4 15. 0-0 Bxf3 16. gxf3 Nh5 17. Kg2 Nf4+ 18. Bxf4 Rxf4 19. Be2 Ne7 20. Rab1 b6 0-1

[Event "IECG WC.2000.F.00003 email"]
[Site "IECG email"]
[Date "2000.11.01"]
[Round "?"]
[White "Lehnberger, Karl"]
[Black "Brijs, Dirk"]
[Result "1-0"]
[WhiteElo "1803"]
[BlackElo "1275"]
[PlyCount "31"]
[EventDate "2000.11.01"]
[EventType "tourn (corr)"]
[EventRounds "14"]
[SourceTitle "Corr 2008"]
[Source "ChessBase"]
[SourceDate "2008.06.24"]
[SourceVersion "1"]
[SourceVersionDate "2008.06.24"]
[SourceQuality "1"]

1. e4 d6 2. d4 Nf6 3. f3 Nbd7 4. c4 e5 5. d5 Be7 6. g4 h6 7. Be3 c6 8. Nc3 Qc7 9. Qd2 Nf8 10. h4 N6h7 11. g5 g6 12. gxh6 Nd7 13. f4 Ndf6 14. fxe5 dxe5 15. 0-0-0 Bd8 16. d6 1-0

[Event "IECG CP.2000.P.00015"]
[Site "IECG email"]
[Date "2000.10.01"]
[Round "?"]
[White "Brijs, Dirk"]
[Black "Smilovici, Emil"]
[Result "0-1"]
[WhiteElo "1275"]
[BlackElo "1765"]
[PlyCount "41"]
[EventDate "2000.10.01"]
[EventType "tourn (corr)"]
[EventRounds "6"]
[EventCountry "CAN"]
[SourceTitle "Corr 2008"]
[Source "ChessBase"]
[SourceDate "2008.06.24"]
[SourceVersion "1"]
[SourceVersionDate "2008.06.24"]
[SourceQuality "1"]

1. d4 d5 2. c4 e6 3. Nc3 Nf6 4. cxd5 exd5 5. Nf3 c6 6. Bg5 h6 7. Bh4 Bf5 8. e3 Nbd7 9. Ne5 Be7 10. Nxd7 Qxd7 11. Bxf6 Bxf6 12. Bd3 0-0 13. Qc2 Bxd3 14. Qxd3 Qg4 15. 0-0 Rfe8 16. Qd1 Qxd1 17. Rfxd1 Re6 18. Na4 b6 19. Rac1 Be7 20. a3 f5 21. b4 0-1

[Event "IECG FI.1999.0.00004 (Class N) email"]
[Site "IECG email"]
[Date "1999.06.01"]
[Round "?"]
[White "Brijs, Dirk"]
[Black "Bedyk, Witek"]
[Result "0-1"]
[WhiteElo "1273"]
[BlackElo "1039"]
[PlyCount "66"]
[EventDate "1999.06.01"]
[EventType "tourn (corr)"]
[EventRounds "11"]
[SourceTitle "Corr 2008"]
[Source "ChessBase"]
[SourceDate "2008.06.24"]
[SourceVersion "1"]
[SourceVersionDate "2008.06.24"]
[SourceQuality "1"]

1. d4 Nf6 2. c4 g6 3. Nc3 Bg7 4. e4 d6 5. Nf3 0-0 6. Be2 e5 7. dxe5 dxe5 8. Qxd8 Rxd8 9. Bg5 Na6 10. Nd5 Nxd5 11. Bxd8 Nf4 12. Bf1 f5 13. Kd2 fxe4 14. Ne1 Bf5 15. Bh4 Bh6 16. Kc3 g5 17. Bg3 Rd8 18. h4 g4 19. Nc2 Nxg2 20. Bxe5 Bd2+ 21. Kb3 Nc5+ 22. Ka3 e3 23. Bxg2 Bxc2 24. fxe3 c6 25. Rh2 a5 26. b3 Bb4+ 27. Kb2 Bxb3 28. axb3 Nd3+ 29. Kc2 Nxe5 30. Rhh1 Rd2+ 31. Kb1 Rxg2 32. Ra2 Rxa2 33. Kxa2 Nf3 0-1

[Event "IECG FI.1999.0.00004 (Class N) email"]
[Site "IECG email"]
[Date "1999.06.01"]
[Round "?"]
[White "Brijs, Dirk"]
[Black "Janning, Henning"]
[Result "1/2-1/2"]
[WhiteElo "1273"]
[BlackElo "1111"]
[PlyCount "60"]
[EventDate "1999.06.01"]
[EventType "tourn (corr)"]
[EventRounds "11"]
[SourceTitle "Corr 2008"]
[Source "ChessBase"]
[SourceDate "2008.06.24"]
[SourceVersion "1"]
[SourceVersionDate "2008.06.24"]
[SourceQuality "1"]

1. d4 Nf6 2. c4 e6 3. Nc3 Bb4 4. Qc2 c5 5. dxc5 Qa5 6. Bd2 Qxc5 7. e3 Nc6 8. a3 Bxc3 9. Bxc3 Qe7 10. Bxf6 Qxf6 11. Nf3 h6 12. Rd1 b6 13. Bd3 Ne5 14. Be4 Rb8 15. Nxe5 Qxe5 16. 0-0 Bb7 17. Bxb7 Rxb7 18. Rd4 0-0 19. Rfd1 Rd8 20. Rd6 Rc7 21. a4 b5 22. axb5 Qxb5 23. b3 Qb4 24. h3 a5 25. R1d4 Rb7 26. c5 Qxb3 27. Qxb3 Rxb3 28. c6 Rc8 29. cxd7 Rd8 30. Kf1 Rb7 1/2-1/2

[Event "IECG FI.1999.0.00004 (Class N) email"]
[Site "IECG email"]
[Date "1999.06.01"]
[Round "?"]
[White "Brijs, Dirk"]
[Black "Vnukov, Denis"]
[Result "1/2-1/2"]
[WhiteElo "1273"]
[BlackElo "1185"]
[PlyCount "84"]
[EventDate "1999.06.01"]
[EventType "tourn (corr)"]
[EventRounds "11"]
[SourceTitle "Corr 2008"]
[Source "ChessBase"]
[SourceDate "2008.06.24"]
[SourceVersion "1"]
[SourceVersionDate "2008.06.24"]
[SourceQuality "1"]

1. d4 d5 2. c4 e6 3. Nc3 c6 4. Nf3 Nf6 5. e3 Nbd7 6. cxd5 exd5 7. Bd3 Be7 8. 0-0 0-0 9. a3 a5 10. Bd2 Re8 11. Qc2 h6 12. Rfe1 Bd6 13. h3 Nf8 14. Nh4 Ne4 15. Nf3 Bf5 16. Bc1 Bg6 17. Bxe4 Bxe4 18. Nxe4 dxe4 19. Nd2 Qh4 20. b3 Re6 21. Bb2 Rae8 22. Nc4 Bc7 23. Bc3 Rg6 24. Kh1 Nd7 25. Rg1 b6 26. Be1 Qg5 27. b4 axb4 28. axb4 Nf6 29. Nd2 Nd5 30. b5 c5 31. Ra7 Bb8 32. Ra4 cxd4 33. Rxd4 Qe5 34. Nf1 Kh7 35. Qa2 Rg5 36. Ng3 Rxg3 37. fxg3 Nxe3 38. Rd7 Nf5 39. Qb3 Nxg3+ 40. Bxg3 Qxg3 41. Qxg3 Bxg3 42. Rf1 e3 1/2-1/2

[Event "IECG FI.1999.0.00004 (Class N) email"]
[Site "IECG email"]
[Date "1999.06.01"]
[Round "?"]
[White "Hadden, Ian"]
[Black "Brijs, Dirk"]
[Result "0-1"]
[WhiteElo "1598"]
[BlackElo "1273"]
[PlyCount "68"]
[EventDate "1999.06.01"]
[EventType "tourn (corr)"]
[EventRounds "11"]
[SourceTitle "Corr 2008"]
[Source "ChessBase"]
[SourceDate "2008.06.24"]
[SourceVersion "1"]
[SourceVersionDate "2008.06.24"]
[SourceQuality "1"]

1. e4 c6 2. d4 d5 3. e5 Bf5 4. Bd3 Bxd3 5. Qxd3 e6 6. Nf3 Qa5+ 7. c3 Qa6 8. Qxa6 Nxa6 9. Bg5 h6 10. Be3 Ne7 11. Nbd2 Nf5 12. Bf4 g5 13. Bg3 c5 14. Nb3 cxd4 15. Nfxd4 Nxg3 16. hxg3 Nc5 17. Nxc5 Bxc5 18. g4 Kd7 19. Rd1 Bb6 20. Kd2 Bc7 21. Nf3 Ke7 22. Kd3 Raf8 23. c4 Rd8 24. cxd5 Rxd5+ 25. Ke4 Ra5 26. a3 Bb6 27. Rd2 Ra4+ 28. b4 Rxa3 29. Rhd1 Rc8 30. Nd4 Rc4 31. b5 Rb3 32. Rc2 Rxc2 33. Nxc2 Bxf2 34. Rd2 Bb6 0-1

[Event "IECG FI.1999.0.00004 (Class N) email"]
[Site "IECG email"]
[Date "1999.06.01"]
[Round "?"]
[White "Pollina, Paolo"]
[Black "Brijs, Dirk"]
[Result "1-0"]
[WhiteElo "1041"]
[BlackElo "1273"]
[PlyCount "85"]
[EventDate "1999.06.01"]
[EventType "tourn (corr)"]
[EventRounds "11"]
[SourceTitle "Corr 2008"]
[Source "ChessBase"]
[SourceDate "2008.06.24"]
[SourceVersion "1"]
[SourceVersionDate "2008.06.24"]
[SourceQuality "1"]

1. d4 d5 2. c4 e6 3. Nf3 Nf6 4. g3 Be7 5. Bg2 0-0 6. 0-0 dxc4 7. Qc2 a6 8. Qxc4 b5 9. Qc2 Bb7 10. Bd2 Be4 11. Qc1 Nbd7 12. Ba5 Rc8 13. Nbd2 Ba8 14. Rd1 Qe8 15. b4 Nd5 16. a3 f5 17. Qc2 f4 18. Rac1 Qh5 19. Ne4 Bb7 20. Nc5 Nxc5 21. dxc5 Bf6 22. Qe4 Rfe8 23. c6 Ba8 24. Rc5 fxg3 25. hxg3 Rcd8 26. Bxc7 Rc8 27. Bd6 Rxc6 28. Rxc6 Bxc6 29. Rc1 Bb7 30. Rc5 Bd8 31. Rc2 Bf6 32. Nd4 Kf7 33. Nc6 Kg8 34. Bf3 Qf7 35. Ne5 Bxe5 36. Qxe5 h6 37. Bh5 g6 38. Bf3 Kh7 39. Bg4 h5 40. Bh3 Kh6 41. e4 Ne7 42. Rc7 Bc8 43. Qc5 1-0

[Event "IECG WC.2002.P.00001 email"]
[Site "IECG email"]
[Date "1999.??.??"]
[Round "?"]
[White "Elmer, Steve"]
[Black "Brijs, Dirk"]
[Result "0-1"]
[WhiteElo "800"]
[BlackElo "1250"]
[PlyCount "58"]
[EventDate "1999.02.21"]
[EventType "tourn (corr)"]
[EventRounds "10"]
[SourceTitle "Corr 2008"]
[Source "ChessBase"]
[SourceDate "2008.06.24"]
[SourceVersion "1"]
[SourceVersionDate "2008.06.24"]
[SourceQuality "1"]

1. e4 c6 2. Nc3 d5 3. Nf3 Bg4 4. h3 Bxf3 5. Qxf3 e6 6. d4 Bb4 7. Bd2 dxe4 8. Qxe4 Nf6 9. Qe3 0-0 10. 0-0-0 a5 11. a3 Bxc3 12. Bxc3 Nd5 13. Qg3 Nxc3 14. Qxc3 a4 15. g4 Nd7 16. Bg2 Nf6 17. f4 Nd5 18. Qg3 b5 19. g5 Qd6 20. Rhf1 b4 21. h4 bxa3 22. Qxa3 Qxa3 23. bxa3 Ne3 24. Bxc6 Rac8 25. Bxa4 Rfd8 26. Rfe1 Nxd1 27. Rxd1 Rc4 28. Bb3 Rcxd4 29. Rxd4 Rxd4 0-1

[Event "IECG CP.1998.P.00069"]
[Site "IECG email"]
[Date "1998.10.01"]
[Round "?"]
[White "Brijs, Dirk"]
[Black "Popstein, Sheila"]
[Result "1-0"]
[WhiteElo "800"]
[BlackElo "1395"]
[PlyCount "23"]
[EventDate "1998.10.01"]
[EventType "tourn (corr)"]
[EventRounds "6"]
[EventCountry "GER"]
[SourceTitle "Corr 2008"]
[Source "ChessBase"]
[SourceDate "2008.06.24"]
[SourceVersion "1"]
[SourceVersionDate "2008.06.24"]
[SourceQuality "1"]

1. d4 d5 2. c4 e6 3. Nc3 Nf6 4. Nf3 Be7 5. Bf4 0-0 6. e3 c5 7. dxc5 Bxc5 8. Qc2 Nc6 9. Rd1 Qa5 10. a3 Be7 11. Nd2 e5 12. Bg5 1-0

[Event "IECG CP.1998.P.00069"]
[Site "IECG email"]
[Date "1998.10.01"]
[Round "?"]
[White "Brijs, Dirk"]
[Black "Wiltenburg, Fred"]
[Result "1-0"]
[WhiteElo "800"]
[BlackElo "1613"]
[PlyCount "41"]
[EventDate "1998.10.01"]
[EventType "tourn (corr)"]
[EventRounds "6"]
[EventCountry "GER"]
[SourceTitle "Corr 2008"]
[Source "ChessBase"]
[SourceDate "2008.06.24"]
[SourceVersion "1"]
[SourceVersionDate "2008.06.24"]
[SourceQuality "1"]

1. d4 Nf6 2. c4 g6 3. Nc3 Bg7 4. e4 d6 5. f4 c5 6. Nf3 0-0 7. d5 e6 8. Be2 exd5 9. e5 dxe5 10. fxe5 Ng4 11. Bg5 Qa5 12. cxd5 Nxe5 13. 0-0 Nxf3+ 14. Rxf3 Bd4+ 15. Be3 Bg4 16. Bxd4 Bxf3 17. Bxf3 cxd4 18. Qxd4 Rd8 19. Rd1 Rd7 20. Ne4 Qxa2 21. Nf6+ 1-0